Southville International School and Colleges
Your cart is empty.
  • Cart
  • Lists
    Public lists Eva Luna New books Lux_list list_1
    Your lists Log in to create your own lists
  • Log in to your account
  • Your cookies
  • Search history
Southville International School and Colleges
  • Advanced search
  • Recent comments
  • Most popular
  • Libraries

Log in to your account

Log in with GOOGLE


If you do not have an external account, but do have a local account, you can still log in:

  1. Home
  2. MARC view: From Vicky's kitchen :
Normal view MARC view ISBD view

From Vicky's kitchen : (Record no. 293134)

[ view plain ]
MARC details
000 -LEADER
fixed length control field 00587nam a2200229Ia 4500
008 - FIXED-LENGTH DATA ELEMENTS--GENERAL INFORMATION
fixed length control field 160404s9999 xx 000 0 und d
020 ## - INTERNATIONAL STANDARD BOOK NUMBER
International Standard Book Number 971-27-1444-6
050 ## - LIBRARY OF CONGRESS CALL NUMBER
Classification number FIL TX 652
050 ## - LIBRARY OF CONGRESS CALL NUMBER
Item number .B37 2004
100 ## - MAIN ENTRY--PERSONAL NAME
Personal name Barrera, Vicky Veloso -
245 ## - TITLE STATEMENT
Title From Vicky's kitchen :
245 ## - TITLE STATEMENT
Remainder of title edible gifts to share, sell, enjoy /
245 ## - TITLE STATEMENT
Statement of responsibility, etc Vicky Veloso - Barrera.
260 ## - PUBLICATION, DISTRIBUTION, ETC. (IMPRINT)
Place of publication, distribution, etc Pasig City:
260 ## - PUBLICATION, DISTRIBUTION, ETC. (IMPRINT)
Name of publisher, distributor, etc Anvil Pub. Inc.,
260 ## - PUBLICATION, DISTRIBUTION, ETC. (IMPRINT)
Date of publication, distribution, etc 2004
300 ## - PHYSICAL DESCRIPTION
Extent 143 pages :
300 ## - PHYSICAL DESCRIPTION
Other physical details illustrations ;
300 ## - PHYSICAL DESCRIPTION
Dimensions 18 cm.
500 ## - GENERAL NOTE
General note Includes index.
650 ## - SUBJECT ADDED ENTRY--TOPICAL TERM
Topical term or geographic name as entry element Cookery.
Holdings
Withdrawn status Lost status Damaged status Home library Current library Shelving location Date acquired Total Checkouts Full call number Barcode Date last seen Price effective from Koha item type
      South Mansfield College South Mansfield College Filipiniana Section 03/07/2005   FIL TX 652 .B37 2004 SMC01788 04/04/2016 04/04/2016  

From Vicky's kitchen :

APA

Barrera V. V. ., .From Vicky's kitchen. Pasig City: .

Chicago

Barrera Vicky Veloso, .From Vicky's kitchen. Pasig City: .

Harvard

Barrera V. V. ., .From Vicky's kitchen. Pasig City: .

MLA

Barrera Vicky Veloso, .Pasig City: . .

  • Place hold
  • Print
  • Cite
  • Add to your cart (remove)
  • Save record
    BIBTEX Dublin Core MARCXML MARC (non-Unicode/MARC-8) MARC (Unicode/UTF-8) MARC (Unicode/UTF-8, Standard) MODS (XML) RIS
  • More searches
    Search for this title in:
    Other Libraries (WorldCat) Other Databases (Google Scholar) Online Stores (Bookfinder.com) Open Library (openlibrary.org)

Exporting to Dublin Core...

SOUTHVILLE LIBRARY

Southville International School and Colleges Library

1281 Tropical Ave. Cor. Luxembourg St., BF Homes International, Las Pinas City

Tel. No. 8256374 / 252358 Loc. 117/146

Powered by Koha